Θαλάσσια βιολογία

Αποθηκεύτηκε σε:
Λεπτομέρειες βιβλιογραφικής εγγραφής
Κύριοι συγγραφείς: Castro, Peter, Huber, Michael E. (Συγγραφέας)
Άλλοι συγγραφείς: Βουλτσιάδου, Ελένη (edtf), Καραχλέ, Παρασκευή (trlf), Κουκούρας, Αθανάσιος (Επιμελητής έκδοσης)
Μορφή: Βιβλίο
Γλώσσα:Greek
English
Δημοσίευση: Θεσσαλονίκη : University Studio Press, 1999.
Θέματα:
Ετικέτες: Προσθήκη ετικέτας
Δεν υπάρχουν, Καταχωρήστε ετικέτα πρώτοι!

MARC

LEADER 00000cam a2200000 i 4500
001 1/30633
008 030115s1999####gr | ||| |||| ||gre||
020 |a 9601207694 
035 |l 10069014 
040 |a GR-MyUA  |b gre  |e AACR2 
041 1 |a gre  |h eng 
082 0 |a 578.77 
100 1 |a Castro, Peter. 
245 1 0 |a Θαλάσσια βιολογία /   |c Peter Castro, Michael E. Huber ; επιμέλεια απόδοσης στα ελληνικά Θανάσης Κούκουρας, Ελένη Βουλτσιάδου ; μετάφραση κειμένου Παρασκευή Καραχλέ ... [κ.ά].  
260 |a Θεσσαλονίκη :   |b University Studio Press,   |c 1999.  
300 |a 608 σ. :   |b εικ. ;   |c 29 εκ.  
500 |a Τίτλος πρωτοτύπου: Marine biology.  
504 |a Περιέχει γλωσσάρι και ευρετήριο.  
650 0 0 |a Marine biology. 
700 1 |a Huber, Michael E.  |e aut 
700 1 |a Βουλτσιάδου, Ελένη,  |e edtf 
700 1 |a Καραχλέ, Παρασκευή,  |e trlf 
700 1 |a Κουκούρας, Αθανάσιος,  |e edt 
852 |a INST  |b LESVOS  |e 20030115  |h 578.77 CAS  |p 005100024889  |q 005100024889  |t BK  |y 0 
852 |a INST  |b LESVOS  |e 20110622  |h 578.77 CAS  |p 005100048837  |q 005100048837  |t BK  |y 0 
852 |a INST  |b LESVOS  |e 20110622  |h 578.77 CAS  |p 005100048838  |q 005100048838  |t BK  |y 0 
852 |a INST  |b LESVOS  |e 20110622  |h 578.77 CAS  |p 005100048839  |q 005100048839  |t BK  |y 0 
852 |a INST  |b LESVOS  |e 20110622  |h 578.77 CAS  |p 005100048840  |q 005100048840  |t BK  |y 0 
852 |a INST  |b LESVOS  |c EUDOXUS  |e 20140121  |h 578.77 CAS  |p 005100052665  |q 005100052665  |t EDX  |y 0 
852 |a INST  |b SAMOS  |e 20180523  |h 578.77 CAS  |p 005300045483  |q 005300045483  |t BK  |y 0 
901 |a BIBL1-2003-1 
901 |a BIBL1-2011-2 
901 |a BIBL1-2014-1 
909 |a Λ  |b 103476 
909 |a Λ  |b 168155 
909 |a Λ  |b 168154 
909 |a Λ  |b 168153 
909 |a Λ  |b 168152 
909 |a Λ  |b 186501 
920 |a ΕΥΔΟΞΟΣ  |b ΕΠΙΣΤΡΟΦΗ  |y Λέσβος  |z 2013-04 
970 |a ΚΑΜΑΤΣΟΥ  |b ΔΕΣΠΟΙΝΑ  |z 2003/01/15